Auge y caída del Estado de Bienestar en Chile y los cambios en su sistema de salud. Economía política de la legislación de Salud entre 1924 y 1990.

Guardat en:
Dades bibliogràfiques
Autor principal: Llambías Wolff, Jaime (autor)
Format: Llibre
Publicat: Santiago, Chile: Catalonia, 2022.
Edició:Primera edición.
Matèries:
Etiquetes: Afegir etiqueta
Sense etiquetes, Sigues el primer a etiquetar aquest registre!

MARC

LEADER 00000nam a22000007a 4500
003 CL-VaPUC
005 20230412113010.0
008 230327t2022 ||||| |||| 00| 0 eng d
020 |a 978-956-324-955-2 
040 |c Pontificia Universidad Católica de Valparaíso 
082 |2 22  |a 353.6 LLA 2022 
100 |a Llambías Wolff, Jaime  |9 578451  |e autor 
245 |a Auge y caída del Estado de Bienestar en Chile y los cambios en su sistema de salud.  |b Economía política de la legislación de Salud entre 1924 y 1990. 
250 |a Primera edición.  
260 |a Santiago, Chile:  |b Catalonia,   |c 2022. 
300 |a 207 páginas.  
500 |a c.1-c.3. Donación del autor Sr. Jaime Llambías Wolff. 27-3-2023 
583 |c 20230327  |k GC 
650 0 |9 391238  |a Administración del Estado  |x Estado de Bienestar Social  |x Aspectos políticos, económicos y de salud  |x Legislación   |y Siglo 20  |z Chile  
650 0 |9 255298  |a Bienestar social   |x Historia política   |x Ministerio de Salud   |z Siglo 20 
650 0 |9 256907  |a Derecho de salud  |x Aspectos históricos, políticos y económicos   |z Chile  |y Siglo 20 
942 |2 ddc  |c BK 
999 |c 440347  |d 440345 
952 |0 0  |1 0  |2 ddc  |4 0  |6 353_600000000000000_LLA_2022  |7 0  |8 A  |9 589287  |a BIBHIS  |b BIBHIS  |c GEN  |d 2023-03-27  |e Donación   |i 5656851  |l 2  |m 2  |o 353.6 LLA 2022  |p 5656851  |r 2025-03-20  |s 2025-03-20  |t 1  |w 2023-03-27  |y BK  |k HIS 
952 |0 0  |1 0  |2 ddc  |4 0  |6 353_600000000000000_LLA_2022  |7 0  |8 A  |9 589288  |a BIBDER  |b BIBDER  |c GEN  |d 2023-03-27  |e Donación   |i 5656852  |o 353.6 LLA 2022  |p 5656852  |r 2023-03-27  |t 2  |w 2023-03-27  |y BK  |k DER 
952 |0 0  |1 0  |2 ddc  |4 0  |6 353_600000000000000_LLA_2022  |7 0  |8 A  |9 589289  |a BIBENE  |b BIBENE  |c GEN  |d 2023-03-27  |e Donación   |i 5656853  |o 353.6 LLA 2022  |p 5656853  |r 2025-01-15  |t 3  |w 2023-03-27  |y BK  |k ICO 
952 |0 0  |1 0  |2 ddc  |4 0  |6 353_600000000000000_LLA_2022  |7 0  |8 A  |9 590111  |a BIBEDU  |b BIBEDU  |c GEN  |d 2023-05-22  |e 3  |g 14625.50  |i 5657446  |o 353.6 LLA 2022  |p 5657446  |r 2023-05-22  |t 5  |v 14625.50  |w 2023-05-22  |y BK  |k PSI 
952 |0 0  |1 0  |2 ddc  |4 0  |6 353_600000000000000_LLA_2022  |7 0  |8 A  |9 590112  |a BIBEDU  |b BIBEDU  |c GEN  |d 2023-05-22  |e 3  |g 14625.50  |i 5657445  |o 353.6 LLA 2022  |p 5657445  |r 2023-05-22  |t 4  |v 14625.50  |w 2023-05-22  |y BK  |k PSI